000 00510nam a22001697a 4500
005 20260415115225.0
008 260415b |||||||| |||| 00| 0 eng d
020 _a978-81-203-3522-6
050 _aTC 175 .D37 2025
100 _aDAS, MADAN MOHAN.
245 _aOPEN CHANNEL FLOW.
260 _aDELHI,
_bPHI LEARNING PRIVATE LIMITED,
_c2025.
300 _aXIV, 346 P, ILL
500 _aINCLUDES INDEX.
650 _a1. HYDRAULIC ENGINEERING- TEXTBOOKS. 2. OPEN CHANNEL FLOW- TEXTBOOKS
942 _2lcc
_cBK
999 _c216969
_d216969